Employe Tracker (Record no. 16916)

MARC details
000 -LEADER
fixed length control field 00298nam a2200133Ia 4500
008 - FIXED-LENGTH DATA ELEMENTS--GENERAL INFORMATION
fixed length control field 221030s9999 xx 000 0 und d
041 ## - LANGUAGE CODE
Language code of text/sound track or separate title
100 ## - MAIN ENTRY--AUTHOR NAME
Personal name Monika/541
245 #0 - TITLE STATEMENT
Title Employe Tracker
Sub Title mploy
Statement of responsibility, etc Ankush/525
250 ## - EDITION STATEMENT
Edition statement 2012
260 ## - PUBLICATION, DISTRIBUTION, ETC. (IMPRINT)
Place of publication JAMMU
Year of publication 2012
650 ## - SUBJECT ADDED ENTRY--TOPICAL TERM
Topical Term IT
942 ## - ADDED ENTRY ELEMENTS (KOHA)
Koha item type Thesis
Holdings
Accession Number Price effective from Koha item type Withdrawn / writtenoff status Materials specified (bound volume or other part) Damaged status Not for loan Permanent Location Current Location Shelving location Date acquired Lost/ Missing status department
MPR- 885 10/30/2022 Thesis   Print     MIET Library, Jammu MIET Library, Jammu BL-Academic Block -b, FL-2, CUP-0, SH-0, R-0 10/14/2016